LEADER 01308nam a2200301 u 4500 001 000000063879 003 CaOOAMICUS 005 20070226121308.0 008 011109s1972 ph u000 u eng u 035 $a10909272 040 $aPUL(R)$bita 245 04$aThe Dublin papers on ecumenism :$bfourth congress of jesuit ecumenists /$cedited by Pedro S. De Achutegui. 260 $aManila :$bLoyola school of theology,$c1972. 300 $a211 p. ;$c23 cm 490 1 $aLogos (Ateneo de Manila University) ;$v8 490 1 $aCardinal Bea Studies ;$v2 500 $aContiene indice. 504 $aBibliografia in nota. 650 4$aEcumenismo.$0(OLS)http://pul/subject/995 700 1 $aAchutegui, Pedro S. de,$cS.I.$0(OLS)http://pul/name/42776 830 0$aLogos (Ateneo de Manila University) ;$v8.$0(OLS)http://pul/title/85143 830 0$aCardinal Bea Studies ;$v2.$0(OLS)http://pul/title/76422 850 $aPUL 852 $aPUL$W1$xSL Religione 1$y3$m75 O 84$j82845$nBK-PRI$b $qStampati$B82845$CPULBib$Z2$F82845 $H $81 941 1 $a8 961 $aINV: 61499 996 $6245$aThe Dublin papers on ecumenism :$bfourth congress of jesuit ecumenists$9(OLS)http://pul/title/85142 996 $6260$aManila :$bLoyola school of theology$9(OLS)http://pul/publisher/70729 LEADER 01232nam a2200289 u 4500 001 000000064737 003 CaOOAMICUS 005 20070226121405.0 008 011123s1922 gw u000 u ger u 035 $a10911166 040 $aPUL(R)$bita 100 1 $aSchwertschlager, Joseph.$0(OLS)http://pul/name/43716 245 10$aPhilosophie der Natur /$cvon Joseph Schertschaler. 250 $a2. Aufl. 260 $aMünchen :$bJ. Kösel,$c1922. 300 $a2 v. ;$c23 cm 490 1 $aPhilosophische Handbibliothek ;$v3-4 504 $aBibliografia in nota. 505 0 $aI. Abt. Natur und Körper im allgemeinen. -- II. Abt. Die einzelnen Klassen der Körper im besonderen. 650 4$aFilosofia della natura.$0(OLS)http://pul/subject/8566 830 0$aPhilosophische Handbibliothek ;$v3-4.$0(OLS)http://pul/title/86128 850 $aPUL 852 $aPUL$W1$xDP2 Filosofia 1$y62$m87 C 40$j83883$nBK-PRI$b $qStampati$B83884$CPULBib$Z2$F83884 $81 852 $aPUL$W1$xDP2 Filosofia 1$y62$m87 C 39$j191174$nBK-PRI$b $qStampati$B83883$CPULBib$Z2$F83883 $81 941 1 $a8 996 $6245$aPhilosophie der Natur$9(OLS)http://pul/title/86227 996 $6260$aMünchen :$bJ. Kösel$9(OLS)http://pul/publisher/70531